• 首页
  • 本馆介绍
  • 公告通知
  • 最新文献
  • 馆藏检索
  • 电子资源
  • 读者导购
  • 参考咨询
  • 我的图书馆
  • 登录
  • 详细信息显示
  • 放入我的书架
  • 预约/预借图书
  • 作者相关作品
  • 分类相关作品
  • 丛书相关作品
  • 出版社相关作品

书目信息

  • 表格格式
  • 工作单格式
  • 卡片格式
题名:
半导体光电器件
    
 
作者: 田等先 编著
分册:  
出版信息: 北京   机械工业出版社  1982
页数: 366页
开本: 19cm
丛书名: 仪表元件丛书
单 册:
中图分类: TN36
科图分类:
主题词: 半导体器件:光电器件 , 光电器件:半导体器件
电子资源:
ISBN:
000 00746nam2 2200265 45
001 0182006379
005 20060814092607.90
010    @dCNY1.20
091    @a15033.5235
100    @a19950706d1982 em y0chiy0121 ea
101 0  @achi
102    @aCN@b110000
105    @ay z 000yy
200 10 @a半导体光电器件@Aban dao ti guang dian qi jian@f田等先等编著@Ftian deng xian deng bian zhu
210    @a北京@c机械工业出版社@d1982
215    @a366页@d19cm
225 2  @a仪表元件丛书
410  0 @120010@a仪表元件丛书
606    @a半导体器件:光电器件
606    @a光电器件:半导体器件
690    @aTN36@v3 
701  0 @a田等先@Atian deng xian@4编著
801  2 @aCN@bNLC@c20060814
801  0 @aCN@bTSSF@c20060622
905    @a10447@dTN36@e18
    
    半导体光电器件/田等先等编著.-北京:机械工业出版社,1982
    366页;19cm.-(仪表元件丛书)
    
    
    ISBN :CNY1.20
    
●
相关链接 在E读中查询图书 在五车中查询图书 在当当中查询图书 在豆瓣中查询图书


正题名:半导体光电器件     索取号:TN36/18         预约/预借

序号 登录号 条形码 馆藏地/架位号 状态 备注
1 0420691   204206910   密集书库/ [索取号:TN36/18] 在馆    
2 0420713   204207134   密集书库/ [索取号:TN36/18] 在馆    
3 0458015   204580159   密集书库/ [索取号:TN36/18] 在馆    
4 0458186   204581862   密集书库/ [索取号:TN36/18] 在馆    
唐山师范学院图书馆 欢迎您!
大连网信软件有限公司© 版权所有